West african economic review (Record no. 38771)

MARC details
000 -LEADER
fixed length control field 00521nam a2200169Ia 4500
022 ## - INTERNATIONAL STANDARD SERIAL NUMBER
ISSN 97891425181631
050 ## - CALL MARK
Classification number HC 1000 .W47/
245 #0 - TITLE STATEMENT
Title West african economic review
260 ## - PUBLICATION, DISTRIBUTION, ETC. (IMPRINT)
Place of publication Nigeria
260 ## - PUBLICATION, DISTRIBUTION, ETC. (IMPRINT)
Name of publisher Bahari publishing Ltd
260 ## - PUBLICATION, DISTRIBUTION, ETC. (IMPRINT)
Year of publication 2015
300 ## - PHYSICAL DESCRIPTION
Number of Pages 141 p. :ill. ; 29 cm.
650 ## - SUBJECT ADDED ENTRY--TOPICAL TERM
Topical Term Economic Community of West African States. Investments, American--Africa, West. Africa, West--Economic conditions.
942 ## - ADDED ENTRY ELEMENTS (KOHA)
Koha item type Serials

No items available.